Nghiên cứu sử dụng môi chất lạnh mới cho các hệ thống đang sử dụng Freon bị cấm ở Việt Nam

Spremljeno u:
Bibliografski detalji
Glavni autor: Trần Quốc Minh.
Daljnji autori: Võ Chí Chính, TS (hướng dẫn.)
Format: Knjiga
Jezik:Vietnamese
Izdano: Đà Nẵng, 2000.
Teme:
Oznake: Dodaj oznaku
Bez oznaka, Budi prvi tko označuje ovaj zapis!
Thư viện lưu trữ: Mạng thư viện Đại học Đà Nẵng
LEADER 01045cmm a2200349 i 4500
001 000044745
003 3153
005 20061102024409.0
008 010307b2000 vm 000 vie
040 |a IRC  |c IRC  |d IRC 
041 0 |a vie 
082 1 4 |a 621.59  |b TR-M 
100 1 |a Trần Quốc Minh. 
245 0 0 |a Nghiên cứu sử dụng môi chất lạnh mới cho các hệ thống đang sử dụng Freon bị cấm ở Việt Nam  |h [Thesis-Luận văn] /  |c Trần Quốc Minh thực hiện ; Võ Chí Chính hướng dẫn. 
260 |a Đà Nẵng,  |c 2000. 
300 |a 88Tr. ;  |c 29cm. 
630 0 4 |a Nhiệt độ. 
630 0 4 |a Dung môi chất lạnh. 
630 0 4 |a Feron. 
630 0 4 |a Luận án. 
650 0 4 |a Dung môi chất lạnh. 
700 1 |a Võ Chí Chính,  |c TS,  |e hướng dẫn. 
OWN |a DUT 
999 |a From the UDN01 
TYP |a Computer file 
TYP |a Monograph 
980 |a Mạng thư viện Đại học Đà Nẵng